logo

Bir Sreshtho Munshi Abdur Rouf Library
Jhenaidah Cadet College

Don Quixote : (Record no. 10477)

MARC details
000 -LEADER
fixed length control field 00646nam a2200241 a 4500
001 - CONTROL NUMBER
JCCL Control Number 10477
003 - CONTROL NUMBER IDENTIFIER
JCCL marc code BD-JhCC
005 - DATE AND TIME OF LATEST TRANSACTION
control field 20180430131222.0
008 - FIXED-LENGTH DATA ELEMENTS--GENERAL INFORMATION
fixed length control field 180430s1964 usa |||| |||| 000 0 eng d
020 ## - INTERNATIONAL STANDARD BOOK NUMBER
International Standard Book Number 0822004151
035 ## - SYSTEM CONTROL NUMBER
system control number (BD-JhCC)10477
040 ## - CATALOGING SOURCE
Original cataloging agency BD-JhCC
Modifying agency BD-JhCC
041 ## - LANGUAGE CODE
Language code of Book eng
082 ## - DEWEY DECIMAL CLASSIFICATION NUMBER
Classification number 863.3
Author mark and Year STU 1964
100 ## - MAIN ENTRY--PERSONAL NAME
Personal name Sturman, Marianne
245 ## - TITLE STATEMENT
Title Don Quixote :
Remainder of title notes /
Statement of responsibility, etc Marianne Sturman,
260 ## - PUBLICATION, DISTRIBUTION, ETC. (IMPRINT)
Place of publication, distribution, etc USA :
Name of publisher, distributor, etc Cliffs Notes, Inc.
Date of publication, distribution, etc 1964
300 ## - PHYSICAL DESCRIPTION
Pagination 89 p. :
Dimensions 19 cm.
504 ## - BIBLIOGRAPHY, ETC. NOTE
Bibliography, etc Includes bibliography
650 ## - SUBJECT ADDED ENTRY--TOPICAL TERM
Topical term or geographic name as entry element Don Quixote (Cervantes Saavedra, Miguel de)
650 ## - SUBJECT ADDED ENTRY--TOPICAL TERM
Topical term or geographic name as entry element Spanish poetry
942 ## - ADDED ENTRY ELEMENTS (KOHA)
Source of classification or shelving scheme Dewey Decimal Classification
Koha item type Books
Holdings
Source of classification or shelving scheme Damaged status Not for loan Home library Current library Shelving location Date of accession Cost, normal purchase price Total Checkouts Full call number Barcode Date last seen Copy number Koha item type
Dewey Decimal Classification     JCC Rouf Library JCC Rouf Library General Stacks 04/30/2018 1.00   863.3 STU 1964 14072 04/30/2018 C-1 Books

JCC Library | Contacts | JCC Home

Last Update on 23 September 2017
Copyright @ 2017-2020 JCC Rouf Library
Rouf Library, Jhenidah Cadet College (JCC), Bangladesh